[Event "Ubeda op 2nd"]
[Site "Ubeda"]
[Date "1997.??.??"]
[Round "2"]
[White "Kharlov, Andrei"]
[Black "Herrera, Irisberto"]
[Result "1/2-1/2"]
[WhiteElo "2555"]
[BlackElo "2450"]
[PlyCount "37"]
[EventDate "1997.02.??"]
[EventType "swiss"]
[EventRounds "10"]
[EventCountry "ESP"]
[SourceTitle "CBM 056 ext"]
[Source "ChessBase"]
[SourceDate "1997.03.01"]
[SourceVersion "1"]
[SourceVersionDate "1997.03.01"]
[SourceQuality "1"]

1. d4 Nf6 2. c4 g6 3. Nc3 d5 4. cxd5 Nxd5 5. Na4 e5 6. dxe5 Bb4+ 7. Bd2 Ne3 8.
fxe3 Bxd2+ 9. Qxd2 Qh4+ 10. g3 Qxa4 11. Qd4 Qa5+ 12. b4 Qa6 13. e6 O-O 14.
exf7+ Rxf7 15. Bg2 Be6 16. Nh3 Bxh3 17. Qd8+ Kg7 18. Qd4+ Kg8 19. Qd8+ 1/2-1/2

[Event "Ubeda op 2nd"]
[Site "Ubeda"]
[Date "1997.??.??"]
[Round "3"]
[White "Gamundi Salamanca, Antonio"]
[Black "Kharlov, Andrei"]
[Result "1/2-1/2"]
[WhiteElo "2440"]
[BlackElo "2555"]
[PlyCount "82"]
[EventDate "1997.02.??"]
[EventType "swiss"]
[EventRounds "10"]
[EventCountry "ESP"]
[SourceTitle "CBM 056 ext"]
[Source "ChessBase"]
[SourceDate "1997.03.01"]
[SourceVersion "1"]
[SourceVersionDate "1997.03.01"]
[SourceQuality "1"]

1. c4 e6 2. Nf3 d5 3. d4 Nf6 4. Nc3 dxc4 5. e3 a6 6. a4 c5 7. Bxc4 Nc6 8. O-O
cxd4 9. exd4 Be7 10. Bg5 O-O 11. Re1 h6 12. Bh4 Bd7 13. Qe2 Nh5 14. Bxe7 Nxe7
15. Ne5 Nf6 16. Rad1 Ned5 17. Bxd5 Nxd5 18. Nxd5 exd5 19. Qc2 Be6 20. Qc5 Re8
21. Qb4 Re7 22. Nd3 Rc8 23. b3 a5 24. Qd2 Bf5 25. Rxe7 Qxe7 26. Nf4 Qd6 27. h4
Re8 28. f3 Bc2 29. Qxc2 Qxf4 30. h5 Qe3+ 31. Kf1 b6 32. Qd3 Qg5 33. Qb5 Re6 34.
Re1 Rxe1+ 35. Kxe1 Qc1+ 36. Ke2 Qc2+ 37. Ke3 Qc3+ 38. Ke2 Qxd4 39. Qe8+ Kh7 40.
Qxf7 Qb2+ 41. Kf1 Qxb3 1/2-1/2

[Event "Ubeda op 2nd"]
[Site "Ubeda"]
[Date "1997.??.??"]
[Round "5"]
[White "Izeta Txabarri, Felix"]
[Black "Kharlov, Andrei"]
[Result "0-1"]
[WhiteElo "2490"]
[BlackElo "2555"]
[PlyCount "80"]
[EventDate "1997.02.??"]
[EventType "swiss"]
[EventRounds "10"]
[EventCountry "ESP"]
[SourceTitle "CBM 056 ext"]
[Source "ChessBase"]
[SourceDate "1997.03.01"]
[SourceVersion "1"]
[SourceVersionDate "1997.03.01"]
[SourceQuality "1"]

1. d4 d5 2. c4 dxc4 3. Nf3 a6 4. e3 Nf6 5. Bxc4 e6 6. Qe2 c5 7. dxc5 Bxc5 8.
O-O b5 9. Bd3 Nc6 10. Nc3 Bb7 11. e4 Nd4 12. Nxd4 Bxd4 13. Bg5 b4 14. Nd5 exd5
15. e5 Kf8 16. exf6 Bxf6 17. Bxf6 Qxf6 18. Rac1 Qd6 19. Rc2 h5 20. Rfc1 Re8 21.
Qf3 Re7 22. h4 g6 23. Rd2 Kg7 24. Rcd1 d4 25. Qh3 Rd8 26. Bf1 Re4 27. a3 a5 28.
axb4 axb4 29. Qg3 Qxg3 30. fxg3 Bc8 31. Kf2 Bg4 32. Be2 Rxe2+ 33. Rxe2 d3 34.
Red2 Bxd1 35. Rxd1 Kf6 36. Ke3 Kf5 37. Kd2 Kg4 38. Rf1 Kxg3 39. Rxf7 Rd4 40.
Rf6 Rg4 0-1

[Event "Ubeda op 2nd"]
[Site "Ubeda"]
[Date "1997.??.??"]
[Round "6"]
[White "Kharlov, Andrei"]
[Black "Georgiev, Vladimir"]
[Result "1-0"]
[WhiteElo "2555"]
[BlackElo "2515"]
[PlyCount "99"]
[EventDate "1997.02.??"]
[EventType "swiss"]
[EventRounds "10"]
[EventCountry "ESP"]
[SourceTitle "CBM 056 ext"]
[Source "ChessBase"]
[SourceDate "1997.03.01"]
[SourceVersion "1"]
[SourceVersionDate "1997.03.01"]
[SourceQuality "1"]

1. e4 c5 2. Nf3 Nc6 3. c3 d5 4. exd5 Qxd5 5. d4 Bg4 6. Be2 cxd4 7. cxd4 e6 8.
O-O Nf6 9. Nc3 Qa5 10. h3 Bh5 11. a3 Be7 12. g4 Bg6 13. Qb3 Qb6 14. Qxb6 axb6
15. Be3 Rd8 16. Rfd1 Bc2 17. Rdc1 Bg6 18. Bb5 O-O 19. Bxc6 bxc6 20. Ne5 Rc8 21.
g5 Nd5 22. Nxd5 cxd5 23. Nd7 Rfd8 24. Nxb6 Rb8 25. Na4 f6 26. gxf6 Bxf6 27. Re1
e5 28. dxe5 Bxe5 29. Bg5 Re8 30. Rxe5 Rxe5 31. Bf4 Rbe8 32. Bxe5 Rxe5 33. Rd1
Rg5+ 34. Kf1 Bf5 35. h4 Bh3+ 36. Ke2 Re5+ 37. Kf3 Re4 38. Kg3 Bf5 39. Rxd5 Rg4+
40. Kf3 g6 41. Nc3 Rxh4 42. a4 h5 43. a5 Rh1 44. Rd4 Kf7 45. a6 Bc8 46. Ra4 h4
47. Ne4 h3 48. Nd6+ Ke6 49. Nxc8 Rc1 50. Kg3 1-0

[Event "Ubeda op 2nd"]
[Site "Ubeda"]
[Date "1997.??.??"]
[Round "7"]
[White "Gofshtein, Leonid"]
[Black "Kharlov, Andrei"]
[Result "0-1"]
[WhiteElo "2530"]
[BlackElo "2555"]
[PlyCount "72"]
[EventDate "1997.02.??"]
[EventType "swiss"]
[EventRounds "10"]
[EventCountry "ESP"]
[SourceTitle "CBM 056 ext"]
[Source "ChessBase"]
[SourceDate "1997.03.01"]
[SourceVersion "1"]
[SourceVersionDate "1997.03.01"]
[SourceQuality "1"]

1. d4 d5 2. c4 dxc4 3. Nf3 a6 4. e4 b5 5. a4 Bb7 6. Nc3 c6 7. Bf4 e6 8. Be2 Nf6
9. Qc2 Nbd7 10. O-O Be7 11. Rad1 O-O 12. h3 h6 13. Rfe1 Qb6 14. Bf1 Rfe8 15.
Nh2 Bf8 16. e5 Nd5 17. Nxd5 exd5 18. b3 cxb3 19. Qxb3 c5 20. dxc5 Nxc5 21. Qf3
d4 22. Qh5 Nxa4 23. Rd3 Qg6 24. Qe2 Nc3 25. Qb2 Qb6 26. Qc2 Ne4 27. Qb2 Rad8
28. Ng4 h5 29. Nh2 Qg6 30. Rf3 d3 31. Rxd3 Bc5 32. Rxd8 Rxd8 33. Be3 Rd2 34.
Qc1 Bb6 35. Nf3 Rxf2 36. Qb1 Rxf3 0-1

[Event "RUS-Cup5"]
[Site "Ekaterinburg"]
[Date "1997.??.??"]
[Round "2"]
[White "Kharlov, Andrei"]
[Black "Beshukov, Sergei"]
[Result "1-0"]
[WhiteElo "2555"]
[BlackElo "2435"]
[PlyCount "65"]
[EventDate "1997.02.13"]
[EventType "swiss"]
[EventRounds "9"]
[EventCountry "RUS"]
[SourceTitle "CBM 057 ext"]
[Source "ChessBase"]
[SourceDate "1997.05.01"]
[SourceVersion "1"]
[SourceVersionDate "1997.05.01"]
[SourceQuality "1"]

1. d4 d5 2. c4 c6 3. Nf3 e6 4. Nc3 dxc4 5. a4 Bb4 6. Bd2 a5 7. e4 b5 8. axb5
Bxc3 9. bxc3 cxb5 10. Qb1 Ba6 11. Be2 Nc6 12. O-O Nge7 13. Rd1 O-O 14. Be3 h6
15. Qc1 a4 16. Bxh6 gxh6 17. Qxh6 f6 18. d5 exd5 19. exd5 Ne5 20. Nxe5 fxe5 21.
Bg4 Rf7 22. Be6 Qf8 23. Bxf7+ Kxf7 24. Qe6+ Kg7 25. d6 Nc6 26. d7 Nd8 27. Qg4+
Kh8 28. Qh5+ Kg8 29. Qg6+ Qg7 30. Qe8+ Kh7 31. Rd6 Qg5 32. h4 Qf5 33. Rxa6 1-0

[Event "RUS-Cup5"]
[Site "Ekaterinburg"]
[Date "1997.??.??"]
[Round "3"]
[White "Kotsur, Pavel"]
[Black "Kharlov, Andrei"]
[Result "0-1"]
[WhiteElo "2480"]
[BlackElo "2555"]
[PlyCount "76"]
[EventDate "1997.02.13"]
[EventType "swiss"]
[EventRounds "9"]
[EventCountry "RUS"]
[SourceTitle "CBM 057 ext"]
[Source "ChessBase"]
[SourceDate "1997.05.01"]
[SourceVersion "1"]
[SourceVersionDate "1997.05.01"]
[SourceQuality "1"]

1. e4 c5 2. Nf3 Nc6 3. d4 cxd4 4. Nxd4 Nf6 5. Nc3 e6 6. a3 d6 7. Be2 Be7 8. O-O
O-O 9. Kh1 a6 10. f4 Qc7 11. Be3 Re8 12. Qe1 Rb8 13. Qg3 d5 14. e5 Ne4 15. Nxe4
dxe4 16. c3 Nxd4 17. Bxd4 b5 18. Rae1 Bc5 19. Rd1 Bb7 20. Qe3 Bxd4 21. Rxd4
Red8 22. Rfd1 Rxd4 23. Qxd4 Bd5 24. f5 Bb3 25. Rf1 exf5 26. Rxf5 g6 27. Rf6 Be6
28. Qxe4 Rd8 29. Rf1 Rd2 30. Bf3 Rxb2 31. Qf4 Qc4 32. Qc1 Rc2 33. Qd1 h5 34.
Qd8+ Kh7 35. Rd1 Rxc3 36. Qg5 Rxf3 37. gxf3 Qe2 38. Rd8 Bh3 0-1

[Event "RUS-Cup5"]
[Site "Ekaterinburg"]
[Date "1997.??.??"]
[Round "4"]
[White "Kharlov, Andrei"]
[Black "Fominyh, Alexander"]
[Result "1/2-1/2"]
[WhiteElo "2555"]
[BlackElo "2545"]
[PlyCount "119"]
[EventDate "1997.02.13"]
[EventType "swiss"]
[EventRounds "9"]
[EventCountry "RUS"]
[SourceTitle "CBM 057 ext"]
[Source "ChessBase"]
[SourceDate "1997.05.01"]
[SourceVersion "1"]
[SourceVersionDate "1997.05.01"]
[SourceQuality "1"]

1. e4 c5 2. Nf3 e6 3. c3 d5 4. exd5 exd5 5. d4 Nc6 6. Bb5 Bd6 7. dxc5 Bxc5 8.
O-O Nge7 9. Nbd2 O-O 10. Nb3 Bb6 11. Re1 Nf5 12. Bd3 Bc7 13. Bc2 a5 14. Nbd4
Nfxd4 15. Nxd4 Qh4 16. Nf3 Qh5 17. h3 Rd8 18. Ng5 Qxd1 19. Rxd1 h6 20. Nf3 b5
21. Be3 Be6 22. Nd4 Nxd4 23. Bxd4 Rab8 24. a3 f6 25. Re1 Kf7 26. Re2 Bd7 27.
Bb3 Bc6 28. g3 Re8 29. Rd2 g5 30. Rad1 Rbd8 31. Bc5 Re5 32. Kf1 Kg7 33. g4 Rd7
34. Rd4 Rd8 35. R1d2 Rd7 36. Bd1 Re4 37. Bf3 Rxd4 38. cxd4 Bf4 39. Rc2 b4 40.
Bf8+ Kxf8 41. Rxc6 bxa3 42. bxa3 Rc7 43. Rxf6+ Kg7 44. Rf5 Rc3 45. Bxd5 Rxa3
46. Rf7+ Kh8 47. Ke2 Rxh3 48. f3 h5 49. gxh5 Rxh5 50. Be4 Bd6 51. Ra7 Bb4 52.
Kd3 Rh4 53. Bf5 Rf4 54. Bg4 Kg8 55. d5 Kf8 56. Ra6 Ke7 57. Re6+ Kd7 58. Kc2 Kc7
59. Rc6+ Kb7 60. Kd3 1/2-1/2

[Event "RUS-Cup5"]
[Site "Ekaterinburg"]
[Date "1997.??.??"]
[Round "5"]
[White "Malaniuk, Vladimir"]
[Black "Kharlov, Andrei"]
[Result "1/2-1/2"]
[WhiteElo "2610"]
[BlackElo "2555"]
[PlyCount "85"]
[EventDate "1997.02.13"]
[EventType "swiss"]
[EventRounds "9"]
[EventCountry "RUS"]
[SourceTitle "CBM 057 ext"]
[Source "ChessBase"]
[SourceDate "1997.05.01"]
[SourceVersion "1"]
[SourceVersionDate "1997.05.01"]
[SourceQuality "1"]

1. d4 Nf6 2. c4 e6 3. Nc3 d5 4. cxd5 exd5 5. Bg5 c6 6. e3 Bf5 7. Qf3 Bg6 8.
Bxf6 Qxf6 9. Qxf6 gxf6 10. O-O-O Nd7 11. Bd3 Nb6 12. Nge2 Rg8 13. Ng3 Bd6 14.
Nce2 O-O-O 15. Nf5 Kc7 16. Nxd6 Kxd6 17. Ng3 Bxd3 18. Rxd3 Kc7 19. Rg1 Nc4 20.
Nh5 f5 21. Nf4 Nd6 22. Kd2 a5 23. Ke2 a4 24. Rc1 Kd7 25. f3 Nb5 26. Kf2 Ke7 27.
Rd2 Ra8 28. Rdc2 Nc7 29. Nd3 Ne6 30. Rc3 f6 31. h3 Kd6 32. g4 fxg4 33. hxg4 h5
34. gxh5 Rg5 35. Rh1 Rh8 36. Nc5 Nxc5 37. dxc5+ Ke6 38. b4 axb3 39. Rxb3 Rhxh5
40. Rxh5 Rxh5 41. Rxb7 Rh2+ 42. Kg3 Rc2 43. a4 1/2-1/2

[Event "RUS-Cup5"]
[Site "Ekaterinburg"]
[Date "1997.??.??"]
[Round "6"]
[White "Kharlov, Andrei"]
[Black "Ibragimov, Ildar"]
[Result "1/2-1/2"]
[WhiteElo "2555"]
[BlackElo "2555"]
[PlyCount "20"]
[EventDate "1997.02.13"]
[EventType "swiss"]
[EventRounds "9"]
[EventCountry "RUS"]
[SourceTitle "CBM 057 ext"]
[Source "ChessBase"]
[SourceDate "1997.05.01"]
[SourceVersion "1"]
[SourceVersionDate "1997.05.01"]
[SourceQuality "1"]

1. e4 e5 2. Nf3 Nc6 3. Bb5 a6 4. Ba4 Nf6 5. O-O Be7 6. Re1 b5 7. Bb3 O-O 8. d3
d6 9. c3 Bb7 10. Nbd2 Nd7 1/2-1/2

[Event "RUS-Cup5"]
[Site "Ekaterinburg"]
[Date "1997.??.??"]
[Round "8"]
[White "Kharlov, Andrei"]
[Black "Galkin, Alexander"]
[Result "1/2-1/2"]
[WhiteElo "2555"]
[BlackElo "2510"]
[PlyCount "49"]
[EventDate "1997.02.13"]
[EventType "swiss"]
[EventRounds "9"]
[EventCountry "RUS"]
[SourceTitle "CBM 057 ext"]
[Source "ChessBase"]
[SourceDate "1997.05.01"]
[SourceVersion "1"]
[SourceVersionDate "1997.05.01"]
[SourceQuality "1"]

1. e4 c6 2. d4 d5 3. exd5 cxd5 4. c3 Nf6 5. Bf4 Nc6 6. Nf3 g6 7. Bd3 Bg7 8.
Nbd2 O-O 9. O-O Bf5 10. Bxf5 gxf5 11. Ne5 Nxe5 12. Bxe5 Ne4 13. Bxg7 Kxg7 14.
Nxe4 fxe4 15. f3 f5 16. fxe4 dxe4 17. Qd2 e5 18. Rad1 exd4 19. Qxd4+ Qxd4+ 20.
Rxd4 Rad8 21. Rfd1 Rxd4 22. Rxd4 Rf7 23. Rd6 Rf6 24. Rd5 Rb6 25. Rxf5 1/2-1/2

[Event "RUS-Cup5"]
[Site "Ekaterinburg"]
[Date "1997.??.??"]
[Round "9"]
[White "Zakharevich, Igor"]
[Black "Kharlov, Andrei"]
[Result "1-0"]
[WhiteElo "2505"]
[BlackElo "2555"]
[PlyCount "81"]
[EventDate "1997.02.13"]
[EventType "swiss"]
[EventRounds "9"]
[EventCountry "RUS"]
[SourceTitle "CBM 057 ext"]
[Source "ChessBase"]
[SourceDate "1997.05.01"]
[SourceVersion "1"]
[SourceVersionDate "1997.05.01"]
[SourceQuality "1"]

1. d4 d5 2. Nf3 Nf6 3. c4 dxc4 4. e3 Bg4 5. Bxc4 e6 6. h3 Bh5 7. Nc3 Nbd7 8.
Be2 c6 9. O-O Be7 10. e4 Bg6 11. Bd3 O-O 12. Re1 Qc7 13. Bg5 Bb4 14. Rc1 Rfe8
15. a3 Bf8 16. Qd2 a6 17. Bf4 Qd8 18. Bg5 Qb8 19. Nh4 c5 20. Nxg6 hxg6 21. Bf1
cxd4 22. Qxd4 Bc5 23. Qd2 Bd6 24. b4 Rc8 25. Be3 Be5 26. Bd3 Qd6 27. f4 Bxc3
28. Rxc3 Rxc3 29. Qxc3 e5 30. f5 gxf5 31. exf5 Nd5 32. Bc5 Qc7 33. Qc4 N5b6 34.
Qc2 Rc8 35. Rc1 Nxc5 36. bxc5 Nd7 37. Qf2 Nxc5 38. f6 Qd6 39. Qf5 Qd4+ 40. Kh1
Qxd3 41. Qxc8+ 1-0

[Event "New York op"]
[Site "New York"]
[Date "1997.??.??"]
[Round "?"]
[White "Kharlov, Andrei"]
[Black "Aleksandrov, Aleksej"]
[Result "1/2-1/2"]
[WhiteElo "2555"]
[BlackElo "2615"]
[PlyCount "97"]
[EventDate "1997.04.02"]
[EventType "swiss"]
[EventRounds "9"]
[EventCountry "USA"]
[SourceTitle "CBM 057 ext"]
[Source "ChessBase"]
[SourceDate "1997.05.01"]
[SourceVersion "1"]
[SourceVersionDate "1997.05.01"]
[SourceQuality "1"]

1. Nf3 Nf6 2. c4 e6 3. g3 d5 4. Bg2 dxc4 5. Qa4+ Nbd7 6. Qxc4 c5 7. O-O a6 8.
d3 Be7 9. a4 b6 10. Nd4 Ne5 11. Nc6 Nxc6 12. Bxc6+ Bd7 13. Bxa8 Qxa8 14. Nc3 e5
15. Qb3 Bh3 16. e4 Bxf1 17. Kxf1 Qd8 18. Qc4 Qc8 19. Kg2 h6 20. b4 O-O 21. b5
a5 22. Nd1 Nh7 23. Ne3 Ng5 24. Nf5 Bf6 25. Bxg5 hxg5 26. Ne3 g6 27. Nd5 Qe6 28.
Ne3 Qc8 29. Qd5 Kg7 30. Qc6 Rh8 31. Qxc8 Rxc8 32. Nd5 Rb8 33. Kf3 Rb7 34. Ke2
Bd8 35. Kd2 Rd7 36. Kc3 Rd6 37. Kc4 Re6 38. Re1 Kg8 39. Rf1 Kg7 40. h3 Kg8 41.
Rh1 Kg7 42. Kc3 Re8 43. Ne3 Re6 44. Kd2 Re8 45. Ke2 Rh8 46. Ng4 Bc7 47. Ne3 Bd8
48. Kf3 Kf6 49. Ke2 1/2-1/2

[Event "New York op"]
[Site "New York"]
[Date "1997.??.??"]
[Round "?"]
[White "Kharlov, Andrei"]
[Black "Alterman, Boris"]
[Result "1-0"]
[WhiteElo "2555"]
[BlackElo "2595"]
[PlyCount "65"]
[EventDate "1997.04.02"]
[EventType "swiss"]
[EventRounds "9"]
[EventCountry "USA"]
[SourceTitle "CBM 057 ext"]
[Source "ChessBase"]
[SourceDate "1997.05.01"]
[SourceVersion "1"]
[SourceVersionDate "1997.05.01"]
[SourceQuality "1"]

1. e4 c5 2. c3 Nf6 3. d3 Nc6 4. f4 d6 5. Nf3 g6 6. g3 Bg7 7. Bg2 O-O 8. Qe2 b5
9. O-O Rb8 10. a3 a5 11. Kh1 b4 12. axb4 axb4 13. Be3 Bb7 14. Nbd2 Ra8 15. d4
Rxa1 16. Rxa1 bxc3 17. bxc3 cxd4 18. cxd4 e6 19. Bg1 d5 20. e5 Nd7 21. Rb1 Na5
22. g4 Qc8 23. Qd1 Nc4 24. f5 exf5 25. gxf5 Ndb6 26. Nxc4 Nxc4 27. f6 Bh6 28.
Qe1 Re8 29. Qh4 Bf8 30. Bh3 Qc7 31. e6 h5 32. Ng5 Nd6 33. Qg3 1-0

[Event "New York op"]
[Site "New York"]
[Date "1997.??.??"]
[Round "?"]
[White "Psakhis, Lev"]
[Black "Kharlov, Andrei"]
[Result "1/2-1/2"]
[WhiteElo "2610"]
[BlackElo "2555"]
[PlyCount "59"]
[EventDate "1997.04.02"]
[EventType "swiss"]
[EventRounds "9"]
[EventCountry "USA"]
[SourceTitle "CBM 057 ext"]
[Source "ChessBase"]
[SourceDate "1997.05.01"]
[SourceVersion "1"]
[SourceVersionDate "1997.05.01"]
[SourceQuality "1"]

1. e4 c5 2. Nf3 Nc6 3. Bb5 d6 4. Bxc6+ bxc6 5. O-O Bg4 6. d3 e5 7. Nbd2 Be7 8.
c3 Nf6 9. h3 Bh5 10. Qa4 Qc7 11. Re1 O-O 12. d4 exd4 13. cxd4 Nd7 14. b3 Bxf3
15. Nxf3 cxd4 16. Nxd4 Bf6 17. Bb2 Nc5 18. Qc4 Nxe4 19. Rac1 Qb6 20. Qc2 c5 21.
Nf5 d5 22. Bxf6 Qxf6 23. Ne3 Rad8 24. Nxd5 Rxd5 25. Rxe4 Rfd8 26. Rce1 g6 27.
Re8+ Rxe8 28. Rxe8+ Kg7 29. Re1 h5 30. Qe2 1/2-1/2

[Event "New York op"]
[Site "New York"]
[Date "1997.??.??"]
[Round "1"]
[White "Kharlov, Andrei"]
[Black "Yee, Patrick"]
[Result "1-0"]
[WhiteElo "2555"]
[BlackElo "2240"]
[PlyCount "83"]
[EventDate "1997.04.02"]
[EventType "swiss"]
[EventRounds "9"]
[EventCountry "USA"]
[SourceTitle "EXT 2001"]
[Source "ChessBase"]
[SourceDate "2000.11.22"]
[SourceVersion "1"]
[SourceVersionDate "2000.11.22"]
[SourceQuality "1"]

1. e4 c5 2. c3 e6 3. d4 d5 4. exd5 exd5 5. Nf3 Bd6 6. dxc5 Bxc5 7. Bb5+ Nc6 8.
O-O Nge7 9. Nbd2 O-O 10. Nb3 Bd6 11. Bd3 h6 12. h3 Bf5 13. Re1 Qd7 14. Be3 Rad8
15. Bc5 Bxd3 16. Qxd3 Bb8 17. Re3 Rfe8 18. Rae1 b6 19. Bxe7 Rxe7 20. Nbd4 Rxe3
21. Rxe3 Nxd4 22. Nxd4 Re8 23. Nf5 Re6 24. Qd4 Rf6 25. Ne7+ Kf8 26. Nxd5 Rd6
27. c4 b5 28. b3 bxc4 29. bxc4 a6 30. Qe4 Rg6 31. Kf1 Ba7 32. Qe7+ Qxe7 33.
Rxe7 Bd4 34. Rc7 f5 35. c5 Re6 36. Nf4 Re4 37. g3 Ke8 38. c6 Be5 39. Rc8+ Kf7
40. Nd3 Bd6 41. Rd8 Ke6 42. Nc5+ 1-0

[Event "New York op"]
[Site "New York"]
[Date "1997.??.??"]
[Round "2"]
[White "Friedman, Aviv"]
[Black "Kharlov, Andrei"]
[Result "0-1"]
[WhiteElo "2325"]
[BlackElo "2555"]
[PlyCount "202"]
[EventDate "1997.04.02"]
[EventType "swiss"]
[EventRounds "9"]
[EventCountry "USA"]
[SourceTitle "EXT 2001"]
[Source "ChessBase"]
[SourceDate "2000.11.22"]
[SourceVersion "1"]
[SourceVersionDate "2000.11.22"]
[SourceQuality "1"]

1. e4 c5 2. Nf3 Nc6 3. d4 cxd4 4. Nxd4 Nf6 5. Nc3 e6 6. Ndb5 d6 7. Bf4 e5 8.
Bg5 a6 9. Na3 b5 10. Nd5 Be7 11. Bxf6 Bxf6 12. c3 O-O 13. Nc2 Rb8 14. Be2 Bg5
15. O-O a5 16. a3 Be6 17. b4 Qd7 18. a4 bxa4 19. b5 Na7 20. c4 Bxd5 21. exd5
Nc8 22. Rxa4 Qc7 23. Qa1 Bd8 24. Qa2 Ne7 25. Na1 Nf5 26. Nb3 Nd4 27. Nxd4 exd4
28. Qd2 Re8 29. Bd3 Qd7 30. Raa1 Bb6 31. Rfe1 g6 32. Rxe8+ Rxe8 33. g3 Qa7 34.
Kg2 Ra8 35. Ra4 Bc5 36. h4 Bb4 37. Qf4 Re8 38. h5 Re5 39. hxg6 fxg6 40. Qf6 Qe7
41. Qf4 Qa7 42. Qf6 Qf7 43. Qh4 Qd7 44. Qxd4 Bc5 45. Qf4 Re8 46. Qg5 Rf8 47. f3
Qg7 48. Ra2 Qc3 49. Qd2 Qd4 50. Be4 Qxd2+ 51. Rxd2 a4 52. Kf1 a3 53. Ke2 Ra8
54. Bb1 Bb4 55. Ra2 Kf7 56. Kd3 h5 57. Re2 g5 58. Ba2 Bc5 59. Kc2 h4 60. gxh4
gxh4 61. Rh2 Rh8 62. Rh3 Kf6 63. Kb3 Kg5 64. Bb1 Re8 65. Be4 Ra8 66. Ka2 Ra4
67. Bd3 Rb4 68. Kxa3 Rxb5+ 69. Ka2 Ra5+ 70. Kb3 Ra3+ 71. Kc2 Bf2 72. f4+ Kxf4
73. c5 Ra5 74. cxd6 Rxd5 75. Kd2 Kg4 76. Rh1 Kg3 77. Ke2 Re5+ 78. Kd2 Be3+ 79.
Kc3 Rd5 80. d7 Bb6 81. Be4 Rxd7 82. Rh3+ Kg4 83. Bf5+ Kxf5 84. Rxh4 Be3 85. Rc4
Ke5 86. Rc6 Rd1 87. Rg6 Kd5 88. Rg8 Bd4+ 89. Kc2 Rf1 90. Rg2 Ra1 91. Rg8 Kc4
92. Rc8+ Bc5 93. Rc7 Ra2+ 94. Kc1 Kd4 95. Kd1 Rg2 96. Rc8 Kd3 97. Kc1 Bd4 98.
Kb1 Rb2+ 99. Kc1 Rb7 100. Rd8 Ra7 101. Rb8 Rh7 0-1

[Event "RUS-Cup7"]
[Site "Kstovo"]
[Date "1997.05.01"]
[Round "1"]
[White "Kharlov, Andrei"]
[Black "Gutov, Andrey"]
[Result "1-0"]
[WhiteElo "2555"]
[BlackElo "2195"]
[Annotator "Mueller,Karsten"]
[PlyCount "139"]
[EventDate "1997.05.01"]
[EventType "swiss"]
[EventRounds "9"]
[EventCountry "RUS"]
[SourceTitle "CBM 059"]
[Source "ChessBase"]
[SourceDate "1997.08.01"]
[SourceVersion "1"]
[SourceVersionDate "1997.08.01"]
[SourceQuality "1"]

1. e4 {Hecht} c6 2. d4 d5 3. exd5 cxd5 4. c4 Nf6 5. Nc3 e6 6. Nf3 Bb4 7. cxd5
Nxd5 8. Qc2 Nd7 9. Bd3 N7f6 10. O-O Be7 (10... O-O 11. Bg5 (11. Nxd5 exd5 12.
Bg5 h6 13. Bh4 Be7 14. Rfe1 Be6 15. Bf5 Bb4 $2 16. Rxe6 $1 fxe6 17. Bxe6+ Kh8
18. Ne5 $18 {1-0 Bauer,C-Petrov,J/EUchJ Vejen 1993/EXT 93ch (22)}) 11... h6 12.
Nxd5 Qxd5 13. Bxf6 gxf6 14. Qc1 Qh5 15. Qf4 Be7 16. Rac1 $14 {1/2-1/2 Ortega,
L-Karolyi,T/WchJM U18 Graz 1978/MCD-ch (29)}) 11. Bg5 (11. a3 O-O 12. Re1 (12.
Ne5 Qd6 13. Bg5 h6 14. Nxd5 Qxd5 15. Be3 Bd7 $11 {1/2-1/2 Ivanovic,
B-Yermolinsky,A/Erevan olm 1996/EXT 96ch2 (32)}) 12... h6 13. Ne5 Bd7 14. Qe2
Rc8 15. Nxd5 Nxd5 16. Qg4 f5 17. Qg3 $14 {1-0 Riemersma,L-Douven,R/NLD-ch sf
Enschede 1995/EXT 95ch2 (24)}) (11. Bb5+ Bd7 12. Bxd7+ Qxd7 13. Ne5 Nb4 14. Qd1
Qd6 15. a3 Nc6 16. Nb5 Qd8 17. Qf3 Qb6 18. a4 {1/2-1/2 Kaidanov,G-Yermolinsky,
A/USA-ch Modesto 1995/CBM 51}) 11... Nb4 12. Bb5+ Bd7 (12... Nd7 $6 13. Qa4
Bxg5 14. Nxg5 Qxg5 15. Qxb4 $14) 13. Bxd7+ Nxd7 14. Qb3 Nb6 15. Bxe7 Qxe7 16.
a3 N4d5 17. Nxd5 Nxd5 18. Rfe1 a6 (18... O-O $4 19. Qxd5 $18) 19. Rac1 {
Weiß hat zwar den isolierten d-Bauern und es ist schon recht viel getauscht,
doch sein Entwicklungsvorsprung ist groß genug, um dies mehr als auszugleichen.
} Qd7 20. Ne5 Qb5 21. Qxb5+ axb5 22. Nd3 O-O 23. Rc5 Ra4 24. Rxb5 Rxd4 25. Ne5
b6 26. Rc1 g6 27. g3 Ra8 28. Nd7 Ra5 (28... Ra6 $5) 29. Rb3 b5 30. Ne5 Ne7 31.
Rf3 (31. Rc7 $5 Re4 (31... Nd5 32. Rxf7 Re4 33. Nf3 $16) 32. f4 Nd5 33. Rb7 {
spielt man nicht so gerne, weil der eigene König nun offen steht. Andererseits
sieht auch der weiße Angriff sehr gefährlich aus.}) 31... b4 32. Rxf7 Ra7 33.
Rf3 (33. axb4 Rxb4 34. Rd1 Rb8 35. f4 Rab7 36. Rd2 Nd5 37. Rxb7 Rxb7 $16) 33...
bxa3 34. bxa3 Rda4 35. Rcc3 Nf5 36. Nc6 Rc7 37. Nb4 Nd4 38. Rxc7 Nxf3+ {
Hecht: hübsches Zusammenspiel von weißem Turm+Springer gegen exponierten
schwarzen König bei nur noch 3-3 am Königsflügel. Taktische Basis: Fesselung,
Mattdrohungen} 39. Kg2 Nd4 (39... Rxa3 40. Nc2 Rb3 41. Ne3 $14) 40. Rd7 Nb5 41.
Nc2 Nxa3 42. Nd4 e5 43. Ne6 Nc4 44. Rg7+ Kh8 45. Rc7 h6 (45... Kg8 {Hecht} 46.
Rc8+ Kf7 47. Ng5+ {[%csl Rh7]}) 46. Nf8 g5 47. Ng6+ Kg8 48. Ne7+ Kf7 49. Nf5+
Kg6 50. g4 Na5 51. h3 h5 52. Ne7+ Kh6 53. Ng8+ Kg6 54. gxh5+ Kxh5 55. Ra7 {
die Fesselung auf der a-Linie ist sehr lästig.} Ra3 (55... Kg6 {Hecht} 56. Ne7+
Kf6 57. Nc6 $18) 56. Ra6 {droht ein hübsches Matt mit Rh6} g4 57. Rh6+ (57.
Nf6+ Kg5 58. Nxg4 {ist Weiß bereits zu wenig.}) 57... Kg5 58. h4+ Kf5 59. Ne7+
Kf4 60. Rf6+ Ke4 61. Ra6 Nc4 (61... Kf4 62. Nd5+ Kf5 63. Ne3+ Kf4 (63... Ke4
64. h5 $18) 64. Rg6 $18 {z.B.} e4 65. Rg5 {und die Drohung Nd5# ist tödlich.})
62. Rxa3 Nxa3 63. h5 Nc4 64. h6 Nd6 65. h7 Nf7 66. Kg3 Kd3 67. Kxg4 Ke2 68. Kf5
Kxf2 69. Kf6 Nh8 70. Kg7 1-0